Rasaha bigyan aru rasahuwa arthaniti (Record no. 1497)
[ view plain ]
| 000 -LEADER | |
|---|---|
| fixed length control field | 00508cam a2200193ua 4500 |
| 008 - FIXED-LENGTH DATA ELEMENTS--GENERAL INFORMATION | |
| fixed length control field | 110713n ii |||gr||||Z||||||eng |
| 040 ## - CATALOGING SOURCE | |
| Transcribing agency | MAIN |
| 082 ## - DEWEY DECIMAL CLASSIFICATION NUMBER | |
| Classification number | 336 |
| 100 1# - MAIN ENTRY--PERSONAL NAME | |
| Personal name | Choudhury, Rabindra Kr., |
| Relator term | |
| 245 1# - TITLE STATEMENT | |
| Title | Rasaha bigyan aru rasahuwa arthaniti |
| Statement of responsibility, etc. | by Rabindra Kr. Choudhury |
| 250 ## - EDITION STATEMENT | |
| Edition statement | 1st. |
| 260 ## - PUBLICATION, DISTRIBUTION, ETC. | |
| Place of publication, distribution, etc. | Guahati: |
| Name of publisher, distributor, etc. | Arun Prakashan,994. |
| 300 ## - PHYSICAL DESCRIPTION | |
| Extent | 328p: |
| Dimensions | 23cm. |
| 700 ## - ADDED ENTRY--PERSONAL NAME | |
| Personal name | Deka, Bhawananda, |
| Relator term | |
| 942 ## - ADDED ENTRY ELEMENTS (KOHA) | |
| Koha item type | Books |
| 653 ## - INDEX TERM--UNCONTROLLED | |
| Uncontrolled term | Economics |
| 653 ## - INDEX TERM--UNCONTROLLED | |
| Uncontrolled term | Public finance |
| Withdrawn status | Lost status | Damaged status | Not for loan | Home library | Current library | Shelving location | Date acquired | Total Checkouts | Full call number | Barcode | Date last seen | Date last checked out | Copy number | Price effective from | Koha item type |
|---|---|---|---|---|---|---|---|---|---|---|---|---|---|---|---|
| Central Library, Naharkatiya College | Central Library, Naharkatiya College | General Stacks | 19/09/2020 | 2 | 336 | DEK | 2675 | 03/11/2022 | 01/11/2022 | 1 | 19/09/2020 | Books |
